Sentencing race and social enquiry reports

Saved in:  
Bibliographic Details
Authors: Voakes, Rob (Author) ; Fowler, Quentin (Author)
Format: Print Book
Language:English
Published: West Yorkshire West Yorkshire Probation Service, Bradford Division 19XX-
In:Year: 1989
Availability in Tübingen:Present in Tübingen.
UB: KB 8 E 3536-HBD/Suppl.
Check availability: HBZ Gateway
Subito Delivery Service: Order now.
Volumes / Articles:Show volumes/articles.

MARC

LEADER 00000cam a2200000 ca4500
001 1091891605
003 DE-627
005 20220514130027.0
007 tu
008 901011n19uuuuuuxx ||||| 00| ||eng c
035 |a (DE-627)1091891605 
035 |a (DE-576)021891605 
035 |a (DE-599)BSZ021891605 
040 |a DE-627  |b ger  |c DE-627  |e rakwb 
041 |a eng 
100 1 |a Voakes, Rob  |4 aut 
190 |j 1989 
245 1 0 |a Sentencing race and social enquiry reports  |c by Rob Voakes and Quentin Fowler 
264 1 |a West Yorkshire  |b West Yorkshire Probation Service, Bradford Division  |c 19XX- 
336 |a Text  |b txt  |2 rdacontent 
337 |a ohne Hilfsmittel zu benutzen  |b n  |2 rdamedia 
338 |a Band  |b nc  |2 rdacarrier 
700 1 |a Fowler, Quentin  |4 aut 
951 |a MC 
ELC |b 1 
LOK |0 000 xxxxxcx a22 zn 4500 
LOK |0 001 2152326016 
LOK |0 003 DE-627 
LOK |0 004 1091891605 
LOK |0 005 20151005142024 
LOK |0 008 901011||||||||||||||||ger||||||| 
LOK |0 040   |a DE-21  |c DE-627  |d DE-21 
LOK |0 852   |a DE-21 
LOK |0 852 1  |c KB 8 E 3536-HBD/Suppl.  |9 00 
LOK |0 935   |a krim 
LOK |0 939   |a 11-10-90  |b l01 
ORI |a SA-MARC-krimdoka001.raw 
SIG |a UB: KB 8 E 3536-HBD/Suppl. 
SPR |a 1  |t KRI